000 00633nam a2200205 i 4500
001 bg
100 1 _aSosulski, Władysław.
245 1 0 _aZbiór zadań z analizy matematycznej :
_bskrypt.
_nCz. 1 /
_cWładysław Sosulski, Jan Szajkowski.
260 _aZielona Góra :
_bUniwersytet Zielonogórski,
_c2001.
300 _a191, [1] s. :
_bil. ;
_c24 cm.
504 _aBibliogr.
650 9 _aAnaliza matematyczna
655 _aĆwiczenia i zadania dla szkół wyższych
700 1 _aSzajkowski, Jan
040 _cBPK
041 0 _apol
080 _a517(075.8)(076)
942 _cKS
008 s pl f |000 0 pol
999 _c42644
_d42644
856 _uhttp://koha.tu.koszalin.pl/cgi-bin/koha/opac-detail.pl?biblionumber=42644
_yKatalog online BPK